Fundamental Teachings of Quran and Hadith (Record no. 4980)

MARC details
000 -LEADER
fixed length control field 00581nam a2200241 a 4500
020 ## - INTERNATIONAL STANDARD BOOK NUMBER
ISBN
082 00 - DEWEY DECIMAL CLASSIFICATION NUMBER
Classification number 297.2
Author Cutter AHM1
100 ## - MAIN ENTRY--AUTHOR NAME
Author name Ahmed, Nisar
245 ## - TITLE STATEMENT
Title Fundamental Teachings of Quran and Hadith
260 ## - PUBLICATION, DISTRIBUTION, ETC. (IMPRINT)
Place of publication New Delhi
Name of publisher Kitab Bhavan
Year of publication 1980
300 ## - PHYSICAL DESCRIPTION
Number of Pages 118p
500 ## - GENERAL NOTE
General note includes index and biblioraphy
505 2# - FORMATTED CONTENTS NOTE
Formatted contents note 3 parts
650 ## - SUBJECT ADDED ENTRY--TOPICAL TERM
Topical Term Islam-Doctrines
942 ## - ADDED ENTRY ELEMENTS (KOHA)
Koha item type Books
700 1# -
-- Ahmed, Nisar
Holdings
Collection code Home library Current library Date acquired Cost, normal purchase price Full call number Accession Number Koha item type
  Henry Martyn Institute Library Henry Martyn Institute Library 07/05/2007 55.00 297.2 AHM1 09905 Books
                   Copyright © 2026 | Henry Martyn Institute | Hyderabad | TS-500052 | INDIA | Implemented by hmi.edu.in
Hit-Count:

Powered by Koha